[Event "TCh-ROU w Superliga"]
[Site "Eforie Nord ROU"]
[Date "2009.09.19"]
[Round "1"]
[White "Sandu,Mi"]
[Black "Kovacs,O"]
[Result "1-0"]
[WhiteElo "2270"]
[BlackElo "1952"]

1.e4 c5 2.Nc3 Nc6 3.Bb5 a6 4.Bxc6 dxc6 5.d3 Nf6 6.f4 b5 7.Nf3 b4 8.Ne2 c4
9.Ne5 cxd3 10.cxd3 c5 11.Be3 e6 12.O-O Nd7 13.Rc1 Nxe5 14.fxe5 Qa5 15.d4 cxd4
16.Nxd4 Bc5 17.Rxc5 Qxc5 18.Nf5  1-0

[Event "Uxbridge Congress Open"]
[Site "Uxbridge ENG"]
[Date "2009.09.19"]
[Round "3"]
[White "Compton,A"]
[Black "Doran,C"]
[Result "1-0"]
[WhiteElo "2065"]
[BlackElo "1931"]

1.e4 c5 2.Nc3 Nc6 3.Bb5 Nd4 4.Bc4 e6 5.Nge2 Ne7 6.O-O Nec6 7.d3 Be7 8.f4 O-O
9.f5 Na5 10.Ng3 Nxc4 11.dxc4 d6 12.Nce2 Nxe2+ 13.Qxe2 Bg5 14.Bxg5 Qxg5 15.Rad1 Rd8
16.f6 g6 17.e5 d5 18.Qe4 h5 19.cxd5 h4 20.dxe6 Bxe6 21.Ne2 Bf5 22.Qf4 Qh5
23.Nc3 Bxc2 24.Rxd8+ Rxd8 25.e6 fxe6 26.Qc7  1-0

[Event "Uxbridge Congress Open"]
[Site "Uxbridge ENG"]
[Date "2009.09.20"]
[Round "5"]
[White "Griffiths,R"]
[Black "Adair,J"]
[Result "0-1"]
[WhiteElo "2144"]
[BlackElo "2138"]

1.e4 c5 2.Nc3 Nc6 3.Bb5 Nd4 4.Bc4 a6 5.d3 b5 6.Bb3 e6 7.Nge2 Nxb3 8.axb3 Bb7
9.O-O Ne7 10.Bg5 Qc7 11.f4 Nc6 12.f5 Bd6 13.h3 f6 14.Be3 O-O-O 15.Nf4 g5
16.fxe6 Bxf4 17.Bxf4 gxf4 18.Nd5 Qd6 19.exd7+ Kb8 20.Rxf4 Ne7 21.Rxf6 Qe5
22.Rf2 Nxd5 23.exd5 Qxd5 24.Qd2 Rhg8 25.Re1 Rxd7 26.Qf4+ Ka7 27.Rfe2 Rdg7
28.Qd2 Rg3 29.b4  0-1

[Event "SPICE Cup A"]
[Site "Lubbuck USA"]
[Date "2009.09.21"]
[Round "3"]
[White "Andreikin,D"]
[Black "Mamedov,Rau"]
[Result "1/2-1/2"]
[WhiteElo "2648"]
[BlackElo "2645"]

1.e4 c5 2.Nc3 Nc6 3.Nf3 g6 4.d4 cxd4 5.Nxd4 Bg7 6.Be3 Nf6 7.Bc4 O-O 8.Bb3 d6
9.f3 Bd7 10.Qd2 Nxd4 11.Bxd4 b5 12.h4 a5 13.h5 a4 14.Bxf6 exf6 15.Bd5 b4
16.Ne2 f5 17.hxg6 hxg6 18.Bxa8 Qxa8 19.Qxd6 Bb5 20.Nf4 Rd8 21.Qb6 fxe4 22.Qxb5 exf3
23.O-O Bd4+ 24.Kh2 fxg2 25.Nxg2 Rd5 26.Qe2 Rh5+ 27.Kg3 Rg5+ 28.Kh2 Rh5+ 29.Kg3  1/2-1/2

[Event "18th TCh-CRO w"]
[Site "Sibenik CRO"]
[Date "2009.09.23"]
[Round "3"]
[White "Krivec,J"]
[Black "Bazaj,I"]
[Result "1-0"]
[WhiteElo "2329"]
[BlackElo "2273"]

1.e4 c5 2.Nc3 Nc6 3.Bb5 Nd4 4.Nf3 Nxb5 5.Nxb5 a6 6.Nc3 d6 7.d4 cxd4 8.Qxd4 Nf6
9.e5 dxe5 10.Qxd8+ Kxd8 11.Nxe5 Be6 12.Be3 Rc8 13.O-O-O+ Kc7 14.Na4 Nd7 15.Nxd7 Bxd7
16.Bf4+ e5 17.Bxe5+ Kc6 18.Rhe1 Be6 19.Re3 Bb4 20.Rd4 Kb5 21.a3 Ba5 22.Bxg7 Rhd8
23.Re5+ Bd5 24.Rexd5+ Rxd5 25.Rxd5+ Kxa4 26.b3+  1-0

[Event "18th TCh-CRO b"]
[Site "Sibenik CRO"]
[Date "2009.09.24"]
[Round "4"]
[White "Rogulj,B"]
[Black "Skoberne,J"]
[Result "1/2-1/2"]
[WhiteElo "2453"]
[BlackElo "2499"]

1.e4 c5 2.Nc3 Nc6 3.Bb5 Nf6 4.Nf3 Nd4 5.e5 Nxb5 6.Nxb5 Nd5 7.Ng5 f6 8.exf6 Nxf6
9.O-O e6 10.d4 Qb6 11.c4 a6 12.dxc5 Bxc5 13.Nc3 Qc6 14.Qd3 O-O 15.Nce4 Nxe4
16.Nxe4 b6 17.b4 Bxb4 18.Bb2 d6 19.Rad1 Bb7 20.f3 Rad8 21.Kh1 Qd7 22.Qb3 Bc5
23.Nxc5 bxc5 24.Rd2 Bc6 25.Qe3 e5 26.Kg1 Qe6 27.Rfd1 Rfe8 28.Rc1 Rd7 29.Rc3 a5
30.Rc1 a4 31.f4 exf4 32.Qxf4 Qg6 33.Rf1 h6 34.Qg3 Qxg3 35.hxg3 Re3 36.Kh2 a3
37.Ba1 d5 38.Rf5 dxc4 39.Rxd7 Bxd7 40.Rxc5 Be6 41.Re5 Rxe5 42.Bxe5 Kf7 43.Kg1 Bf5
44.Bd6 c3 45.Bxa3 Ke6 46.Kf2 Kd5 47.Ke3 g6 48.g4 Bxg4  1/2-1/2

[Event "TCh-ROU Superliga"]
[Site "Eforie Nord ROU"]
[Date "2009.09.25"]
[Round "7"]
[White "Thesing,M"]
[Black "Baklan,V"]
[Result "0-1"]
[WhiteElo "2419"]
[BlackElo "2646"]

1.e4 c5 2.Nc3 Nc6 3.Bb5 Nd4 4.Bc4 e6 5.Nge2 Nf6 6.O-O Nc6 7.d4 a6 8.dxc5 Bxc5
9.Bf4 d6 10.a3 Ne5 11.Ba2 Nh5 12.Qd2 Nxf4 13.Qxf4 O-O 14.Rad1 Qe7 15.h3 b5
16.b4 Ba7 17.Qd2 Rd8 18.Kh1 Bb7 19.f4 Ng4 20.Nd4 Rac8 21.Qe1 Nf6 22.Rd3 g6
23.Bb3 Rc7 24.Nf3 Nh5 25.g3 Nf6 26.Kh2 Rdc8 27.Ng5 Ne8 28.Nf3 Qf6 29.Nd1 Qg7
30.f5 gxf5 31.exf5 e5 32.Nd2 Qh6 33.Nf2 Nf6 34.Nde4 Nxe4 35.Nxe4 Bxe4 36.Qxe4 Rxc2+  0-1

[Event "18th TCh-CRO w"]
[Site "Sibenik CRO"]
[Date "2009.09.25"]
[Round "5"]
[White "Krivec,J"]
[Black "Jelica,M"]
[Result "1-0"]
[WhiteElo "2329"]
[BlackElo "2242"]

1.e4 c5 2.Nc3 Nc6 3.Bb5 Nd4 4.Nf3 Nxb5 5.Nxb5 a6 6.Nc3 d6 7.d4 cxd4 8.Qxd4 e6
9.Bg5 Qc7 10.O-O-O Bd7 11.Rd2 e5 12.Nd5 Qa5 13.Qb4  1-0

[Event "TCh-ROU w Superliga"]
[Site "Eforie Nord ROU"]
[Date "2009.09.26"]
[Round "8"]
[White "Padurariu,I"]
[Black "Sevastian,A"]
[Result "1-0"]
[WhiteElo "2177"]
[BlackElo "1695"]

1.e4 c5 2.Nc3 Nc6 3.Bb5 Nd4 4.Bc4 e6 5.Nge2 a6 6.d3 Ne7 7.O-O Nec6 8.f4 b5
9.Bb3 Bb7 10.Be3 Be7 11.e5 d5 12.exd6 Qxd6 13.Ne4 Qc7 14.Bxd4 Nxd4 15.Nxd4 cxd4
16.f5 Bxe4 17.dxe4 e5 18.Qh5 O-O 19.Rf3 Qb6 20.Rh3 h6 21.Kh1 Rac8 22.Rf1 a5
23.Rg3 Rc6 24.Rg6 Kh8 25.Bxf7 Bf6 26.Rxh6+  1-0

[Event "Galicia Festival Blitz"]
[Site "Ourense ESP"]
[Date "2009.09.26"]
[Round "2"]
[White "Gashimov,V"]
[Black "Zapata,Ka"]
[Result "1-0"]
[WhiteElo "2740"]
[BlackElo "2170"]

1.e4 c5 2.Nc3 Nc6 3.Nf3 d6 4.d4 cxd4 5.Nxd4 Nf6 6.h3 g6 7.Be3 Bg7 8.Bc4 O-O
9.Bb3 Bd7 10.O-O a6 11.Re1 b5 12.Nxc6 Bxc6 13.Nd5 Nd7 14.Bg5 Bxd5 15.exd5 Re8
16.c3 Bf6 17.Be3 Nc5 18.Bc2 Rc8 19.a3 Qc7 20.Qf3 Nd7 21.Rad1 Ne5 22.Qg3 Nc4
23.Bc1 Qd7 24.h4 h5 25.Bxg6 Qg4 26.Bxh5 Qxg3 27.fxg3 Rc5 28.Kh2 Kg7 29.Kh3 Rg8
30.Rf1 Nb6 31.Rf5 e6 32.Rxf6 Kxf6 33.Rf1+ Ke5 34.Bxf7 Rf8 35.dxe6 Nc8 36.Bh6 Rd8
37.Bg5 Rh8 38.Bf6+ Kd5 39.Bxh8 Kc6 40.Bf6 Rc4 41.e7 Re4 42.e8=Q+  1-0

[Event "TCh-ISL 2009-10"]
[Site "Rekjavik ISL"]
[Date "2009.09.26"]
[Round "2"]
[White "Bjornsson,Si"]
[Black "Hreinsson,H"]
[Result "1-0"]
[WhiteElo "2287"]
[BlackElo "2276"]

1.e4 c5 2.Nf3 Nc6 3.Nc3 g6 4.d4 cxd4 5.Nxd4 Bg7 6.Be3 Nf6 7.Bc4 d6 8.f3 Bd7
9.Qd2 Rc8 10.Bb3 h5 11.O-O-O Nxd4 12.Bxd4 Bh6 13.Be3 Bxe3 14.Qxe3 Qb6 15.Qd2 Qc5
16.Rhe1 b5 17.e5 dxe5 18.Ne4 Qc7 19.Nxf6+ exf6 20.Bxf7+ Kxf7 21.Qxd7+ Qxd7
22.Rxd7+ Ke6 23.Red1 Rc6 24.Rxa7 Rb8 25.b3 g5 26.Kb2 Kf5 27.Rd3 g4 28.c3 gxf3
29.Rxf3+ Ke4 30.a4 Rg8 31.Rf2 Ke3 32.axb5 Rb6 33.Rf3+ Ke2 34.Ra6 Rxb5 35.c4 Rxg2
36.Rg3 Rxg3 37.hxg3 Rb8 38.Rxf6 e4 39.Kc3 Re8 40.b4 e3 41.b5 Kd1 42.Ra6 Ke1
43.c5 Kf2 44.b6 e2 45.Ra1 e1=Q+ 46.Rxe1 Rxe1 47.b7 Re8 48.c6 Rb8 49.c7 Rxb7
50.c8=Q Rf7 51.Qc5+ Kxg3 52.Qg5+ Kf2 53.Qh4+ Kg2 54.Kd3 Rf3+ 55.Ke2 Ra3 56.Qe4+ Kh3
57.Qe6+ Kg2 58.Qd5+ Kh3 59.Kf2 Kg4 60.Qe6+  1-0

[Event "18th TCh-CRO b"]
[Site "Sibenik CRO"]
[Date "2009.09.26"]
[Round "6"]
[White "Rogulj,B"]
[Black "Gagarin,V"]
[Result "1/2-1/2"]
[WhiteElo "2453"]
[BlackElo "2422"]

1.e4 c5 2.Nc3 Nc6 3.Bb5 Nd4 4.Nf3 g6 5.Bc4 Bg7 6.O-O d6 7.Nxd4 cxd4 8.Ne2 Nf6
9.Nxd4 Nxe4 10.Bb5+ Bd7 11.Bxd7+ Qxd7 12.Nf3  1/2-1/2

[Event "TCh-ROU Superliga"]
[Site "Eforie Nord ROU"]
[Date "2009.09.27"]
[Round "9"]
[White "Thesing,M"]
[Black "Grigore,Ge"]
[Result "1/2-1/2"]
[WhiteElo "2419"]
[BlackElo "2541"]

1.e4 c5 2.Nc3 Nc6 3.Bb5 Nd4 4.Nf3 Nxb5 5.Nxb5 g6 6.d4 Bg7 7.O-O cxd4 8.Nbxd4 d6
9.Qe2 Nf6 10.Rd1 Qa5 11.Bd2  1/2-1/2

[Event "TCh-ISL 2009-10"]
[Site "Rekjavik ISL"]
[Date "2009.09.27"]
[Round "4"]
[White "Stefansson,H"]
[Black "Nataf,IA"]
[Result "1/2-1/2"]
[WhiteElo "2577"]
[BlackElo "2529"]

1.e4 c5 2.Nc3 Nc6 3.Bb5 Nd4 4.Bc4 e6 5.d3 a6 6.a4 Ne7 7.Bg5 Qc7 8.Nce2 Ndc6
9.Bf4 d6 10.Nf3 Ng6 11.Bg3 Be7 12.O-O O-O 13.c3 Bd7 14.d4 cxd4 15.cxd4 Nb4
16.Qb3 Qa5 17.Nc3 Rac8 18.Rfd1 Nc6 19.Rac1 Qb4 20.Qxb4  1/2-1/2

[Event "Open"]
[Site "Baku AZE"]
[Date "2009.09.29"]
[Round "9"]
[White "Guseinov,G"]
[Black "Durarbeyli,V"]
[Result "1/2-1/2"]
[WhiteElo "2667"]
[BlackElo "2443"]

1.e4 c5 2.Nc3 Nc6 3.Nf3 d6 4.d4 cxd4 5.Nxd4 Nf6 6.Bg5 e6 7.Qd2 Be7 8.O-O-O a6
9.f4 Nxd4 10.Qxd4 b5 11.Bxf6 gxf6 12.Bd3 Qc7 13.Qe3 Qc5 14.Qg3 b4 15.Ne2 a5
16.Kb1 Kf8 17.Qh3 a4 18.Rhf1 h5 19.g4 e5 20.f5 d5 21.gxh5 Bb7 22.Qf3 b3 23.cxb3 axb3
24.axb3 Qb4 25.exd5 Qxb3 26.Nc3  1/2-1/2

[Event "74th ch-ESP Absoluto"]
[Site "Palma de Mallorca ESP"]
[Date "2009.09.29"]
[Round "4"]
[White "Javaloy Guerrero,M"]
[Black "Planells Roig,J"]
[Result "0-1"]
[WhiteElo "1878"]
[BlackElo "2108"]

1.e4 c5 2.Nf3 Nc6 3.Nc3 g6 4.d4 cxd4 5.Nxd4 Bg7 6.Be3 Nf6 7.f3 O-O 8.Qd2 d5
9.exd5 Nxd5 10.Nxc6 bxc6 11.Nxd5 cxd5 12.O-O-O Rb8 13.b3 Qd6 14.Bd4 e5 15.Bb2 Be6
16.Bd3 Rfc8 17.Kb1 a5 18.Qxa5 Ra8 19.Qd2 Rcb8 20.Be4 Qa6 21.Bd3 Qxa2+ 22.Kc1 Rc8
23.c3 Qxb3 24.Bc2 Qb6 25.Rhe1 Rcb8 26.Bb1 Bh6  0-1

[Event "18th TCh-CRO b"]
[Site "Sibenik CRO"]
[Date "2009.09.29"]
[Round "9"]
[White "Vargic,D"]
[Black "Gracin,D"]
[Result "1-0"]
[WhiteElo "2384"]
[BlackElo "2175"]

1.e4 c5 2.Nc3 Nc6 3.Nf3 g6 4.d4 cxd4 5.Nxd4 Bg7 6.Be3 d6 7.Qd2 Nf6 8.f3 O-O
9.O-O-O Nd7 10.h4 Qa5 11.h5 Nxd4 12.Bxd4 Nf6 13.hxg6 hxg6 14.Kb1 Re8 15.Bb5 Be6
16.Bxe8 Rxe8 17.Nd5 Qa6 18.b3 Bxd5 19.exd5 Qb5 20.c4 Qd7 21.g4 b5 22.cxb5 Qxb5
23.Qb2 g5 24.Qc1 a5 25.Qc6 Qxc6 26.dxc6 Rc8 27.Rc1 Nd5 28.Rhd1 Nb4 29.c7 Na6
30.Bb6 a4 31.Rc4 axb3 32.axb3 Be5 33.Ba5 Kg7 34.b4 e6 35.Rc6 Nb8 36.cxb8=Q Rxb8
37.Kc2 f5 38.Kb3 Rh8 39.Bc7 fxg4 40.fxg4 Rh3+ 41.Ka4  1-0

[Event "74th ch-ESP Absoluto"]
[Site "Palma de Mallorca ESP"]
[Date "2009.09.30"]
[Round "5"]
[White "Recuero Guerra,D"]
[Black "Garcia Garcia,R1"]
[Result "1-0"]
[WhiteElo "2492"]
[BlackElo "2278"]

1.e4 c5 2.Nf3 Nc6 3.Nc3 Nf6 4.Bb5 Nd4 5.e5 Nxb5 6.Nxb5 Nd5 7.Ng5 f6 8.Qh5+ g6
9.Qf3 fxg5 10.Qxd5 Qb6 11.Nc3 Bg7 12.O-O Qc6 13.d3 h6 14.Re1 b6 15.Qxc6 dxc6
16.a4 Bf5 17.a5 Kd7 18.b3 Kc7 19.Bb2 Be6 20.Ne4 Rhd8 21.Ra3 Rab8 22.Nd6 Bc8
23.axb6+ axb6 24.Nxc8 Rdxc8 25.f3 Ra8 26.Rea1 Rxa3 27.Rxa3 Kb8 28.Ra1 Rd8
29.Kf2 b5 30.Bc3 Rd5 31.Rd1 Kc7 32.h3 Kd7 33.e6+  1-0

[Event "10th Veselin Boskovic Mem"]
[Site "Beograd SRB"]
[Date "2009.10.01"]
[Round "4.2"]
[White "Marinkovic,I"]
[Black "Ivanisevic,I"]
[Result "0-1"]
[WhiteElo "2461"]
[BlackElo "2614"]

1.e4 c5 2.Nf3 Nc6 3.Nc3 g6 4.d4 cxd4 5.Nxd4 Bg7 6.Be3 Nf6 7.Bc4 O-O 8.Bb3 d6
9.h3 Na5 10.O-O a6 11.f4 Nxb3 12.axb3 b5 13.f5 Bb7 14.Qf3 Rc8 15.Nd5 Rc5
16.b4 Nxe4 17.bxc5 Bxd5 18.c6 Qc8 19.Qd1 Bxc6 20.Nxc6 Qxc6 21.Bd4 Bxd4+ 22.Qxd4 Ng3
23.Rf2 Nxf5 24.Qb4 Ne3 25.Qa5 Ra8 26.Re1 Nd5 27.Qa2 Qc4 28.b3 Qd4 29.c4 Nb4
30.Qd2 Qxd2 31.Rxd2 bxc4 32.bxc4 Kf8 33.Rb1 a5 34.Ra1 a4 35.Ra3 Rc8 36.Rxa4 Rxc4
37.Kh2 Rc2 38.Rxc2 Nxc2 39.Kg3 Ne3 40.Kf3 Nd5 41.g4 h6 42.Ra5 Nf6 43.Ra8+ Kg7
44.Ra7 e5 45.h4 d5 46.Re7 e4+ 47.Kf4 d4 48.Re5 e3 49.g5 hxg5+ 50.hxg5 Nd7
51.Re4 Nc5 52.Re7 Kf8  0-1

[Event "74th ch-ESP Absoluto"]
[Site "Palma de Mallorca ESP"]
[Date "2009.10.02"]
[Round "7"]
[White "Lopez Martinez,Josep"]
[Black "De la Villa Garcia,J"]
[Result "1-0"]
[WhiteElo "2570"]
[BlackElo "2481"]

1.e4 c5 2.Nc3 Nc6 3.Nf3 d6 4.d4 cxd4 5.Nxd4 Nf6 6.f3 Nxd4 7.Qxd4 g6 8.Bg5 Bg7
9.Bb5+ Bd7 10.Bxd7+ Qxd7 11.O-O-O Nh5 12.Qd2 Rc8 13.Ne2 Qb5 14.c3 Nf6 15.Nd4 Qc4
16.Kb1 a6 17.Bh6 Bxh6 18.Qxh6 b5 19.Rhe1 Rc5 20.g4 Re5 21.Nc2 Qc6 22.Nb4 Qb7
23.Nd3 Re6 24.Nf4 Re5 25.g5 Nh5 26.Nxh5 gxh5 27.Rd4 a5 28.f4 Rc5 29.Qg7 Rf8
30.a3 Qc8 31.f5 Rxc3 32.bxc3 Qxc3 33.Re2 b4 34.Rc2 Qb3+ 35.Rb2 Qc3 36.axb4 a4
37.Rc2 Qb3+ 38.Kc1 a3 39.Rdd2 Qe3 40.Qd4  1-0

[Event "IMA"]
[Site "Zdar nad Sazavou CZE"]
[Date "2009.10.02"]
[Round "8"]
[White "Vojta,T"]
[Black "Siebenburger,V"]
[Result "1/2-1/2"]
[WhiteElo "2374"]
[BlackElo "2144"]

1.e4 c5 2.Nf3 Nc6 3.Nc3 e6 4.g3 d5 5.d3 Nf6 6.Qe2 Nd4 7.Nxd4 cxd4 8.Nb1 Be7
9.Bg2 dxe4 10.dxe4 e5 11.Qb5+ Nd7 12.O-O Qb6 13.Qe2 O-O 14.c3 Nc5 15.b3 Rd8
16.Bb2 Be6 17.cxd4 exd4 18.Rd1 d3 19.Qe3 Na6 20.Qxb6 axb6 21.Nc3 Nb4 22.Nd5 Bc5
23.Nxb4 Bxb4 24.a3 Bxb3 25.axb4 Rxa1 26.Rxa1 d2 27.Bf3 d1=Q+ 28.Bxd1 Rxd1+
29.Rxd1 Bxd1 30.f4 Bc2 31.e5 h5 32.Kf2 g6 33.Ke3 Kf8 34.Kd2 Bf5 35.Kc3 Be6
36.Bc1 Ke7 37.Be3 b5 38.Kd4 Bc4 39.Bd2  1/2-1/2

[Event "FSIMB October"]
[Site "Budapest HUN"]
[Date "2009.10.04"]
[Round "2"]
[White "Lyell,M"]
[Black "Malinarski,Y"]
[Result "1-0"]
[WhiteElo "2217"]
[BlackElo "2098"]

1.e4 c5 2.Nc3 Nc6 3.Bb5 Nd4 4.Bc4 e6 5.Nge2 Nf6 6.O-O a6 7.d3 d6 8.Nxd4 cxd4
9.Ne2 b5 10.Bb3 Qb6 11.a4 Bb7 12.axb5 axb5 13.Rxa8+ Bxa8 14.c3 e5 15.cxd4 exd4
16.Qc2 Bb7 17.Nxd4 Nd7 18.Be3 Nc5 19.Ba2 b4 20.Rc1 Ba6 21.Bc4 g6 22.Nb3 Bb7
23.Nxc5 dxc5 24.Qb3 f6 25.Bf7+ Kd7 26.d4 Bxe4 27.dxc5 Qc6 28.f3 Bf5 29.Qxb4 Kc8
30.Bf4 g5 31.Qb8+ Kd7 32.Qe8+  1-0

[Event "ch-ChessClub A"]
[Site "Reykjavik ISL"]
[Date "2009.10.11"]
[Round "8"]
[White "Ptacnikova,L"]
[Black "Bjornsson,Si"]
[Result "1-0"]
[WhiteElo "2285"]
[BlackElo "2287"]

1.e4 c5 2.Nc3 Nc6 3.Bb5 Nd4 4.Bc4 g6 5.Nf3 Bg7 6.Nxd4 cxd4 7.Qf3 Nf6 8.Nb5 O-O
9.Nxd4 d5 10.exd5 e5 11.Ne2 Bg4 12.Qb3 Rc8  1-0

[Event "Chigorin Mem Open"]
[Site "St Petersburg RUS"]
[Date "2009.10.16"]
[Round "1"]
[White "Zherebukh,Y"]
[Black "Kushka,A"]
[Result "1-0"]
[WhiteElo "2544"]
[BlackElo "2182"]

1.e4 c5 2.Nf3 Nc6 3.Nc3 g6 4.d4 cxd4 5.Nxd4 Bg7 6.Be3 Nf6 7.Bc4 Qa5 8.O-O O-O
9.Bb3 d6 10.h3 Bd7 11.Nf3 Rac8 12.Qe2 Nh5 13.Rad1 Be6 14.Nd5 Bxb2 15.Bd2 Qc5
16.Be3 Qa5 17.g4 Ng7 18.c4 Ba3 19.Bd2 Qd8 20.Bc3 f6 21.Nf4 Bc5 22.Nd3 Qb6
23.Rb1 Ne5 24.Nfxe5 fxe5 25.Kg2 g5 26.Bd2 h6 27.h4 Rf6 28.hxg5 hxg5 29.f3 Rg6
30.Nxc5 Qxc5 31.Be3 Qc7 32.Qd2 Qd7 33.Kg3 Bf7 34.Rh1 Ne6 35.c5 Nxc5 36.Qh2 Kf8
37.Qh8+ Rg8 38.Qh6+ Ke8 39.Bxf7+ Kxf7 40.Qh5+ Rg6 41.Bxg5 Rg8 42.Be3 b6 43.Bxc5 bxc5
44.Rb2 Qe6 45.Rb7 Qf6 46.Qf5 Rg5 47.Qxf6+ Kxf6 48.Rxa7 R5g7 49.a4 Rc8 50.Rh6+ Kf7
51.Rxd6 Rh7 52.Rdd7 Ke6 53.Rd5 Kf6 54.Ra6+ e6 55.Rdd6 Re7 56.Rac6  1-0

[Event "TCh-FIN 2009-10"]
[Site "Finland FIN"]
[Date "2009.10.17"]
[Round "3"]
[White "Paakkonen,T"]
[Black "Sorsa,N"]
[Result "0-1"]
[WhiteElo "2289"]
[BlackElo "2223"]

1.e4 c5 2.Nc3 Nc6 3.Nge2 Nf6 4.g3 d6 5.Bg2 e5 6.O-O g6 7.f4 Bg7 8.h3 b6 9.d3 Bb7
10.g4 Nd4 11.f5 gxf5 12.g5 Nd7 13.exf5 Bxg2 14.Kxg2 h6 15.f6 Bf8 16.h4 hxg5
17.hxg5 Qc8 18.Nxd4 exd4 19.Nd5 Ne5 20.Rh1 Rxh1 21.Qxh1 Qg4+ 22.Kf2 O-O-O
23.Qe4 Qd1 24.Bf4 Qxc2+ 25.Kg3 Qxd3+ 26.Qxd3 Nxd3 27.Rh1 Kd7 28.Bd2 Kc6 29.Nf4 Nxb2
30.Rh8 Nc4 31.Bc1 Ne5 32.g6 Nxg6 33.Nxg6 fxg6 34.Kg4 Be7 35.Rxd8 Bxd8 36.Kg5 Bxf6+
37.Kxf6 Kd5 38.Kxg6 Ke4 39.Kf6 d3 40.Ke6 c4 41.a4 c3  0-1

[Event "Unive Open"]
[Site "Hoogeveen NED"]
[Date "2009.10.17"]
[Round "2"]
[White "Kabos,T"]
[Black "Bijlsma,N"]
[Result "1/2-1/2"]
[WhiteElo "2175"]
[BlackElo "2028"]

1.e4 c5 2.Ne2 Nc6 3.Nbc3 d6 4.d4 cxd4 5.Nxd4 Nf6 6.Bg5 Bd7 7.Bc4 Qa5 8.Bxf6 gxf6
9.Nxc6 bxc6 10.O-O Rg8 11.Re1 Bh6 12.e5 fxe5 13.Qh5 Rg6 14.Bd3 f5 15.Rad1 Qb4
16.Bxf5 Bxf5 17.Qxf5 Qxb2 18.Ne4 Rd8 19.Ng3 Qxa2 20.Qe4 Rc8 21.h4 Qf7 22.Ra1 Rf6
23.Rxa7 Rf4 24.Qd3 Kf8 25.Ne4 Qd5 26.Qh3 Re8 27.Ra3 Rb8 28.Rg3 Qf7 29.Ng5 Bxg5
30.hxg5 Rbb4 31.Ra3 Rb8 32.Rea1 Qg6 33.Ra7 Rfb4 34.Qf3+ Qf7 35.Qxf7+ Kxf7
36.R1a3 Rh4 37.g3 Rh5 38.Rc7 c5 39.f4 exf4 40.gxf4 Rb1+ 41.Kg2 Re1 42.Raa7 h6
43.g6+ Kxg6 44.Rxe7 Rxe7 45.Rxe7 Kf6 46.Rh7 Kg6 47.Rd7 Rd5 48.Kf3 h5 49.Rd8 Rd1
50.Ke4 Rd4+ 51.Kf3 Rd1  1/2-1/2

[Event "Guernsey Open"]
[Site "Guernsey GCI"]
[Date "2009.10.18"]
[Round "1"]
[White "Heath,J"]
[Black "Thurlow,K"]
[Result "0-1"]
[WhiteElo "1896"]
[BlackElo "2070"]

1.e4 c5 2.Nc3 Nc6 3.Nf3 e6 4.d3 Nf6 5.g3 d5 6.Bg5 d4 7.Ne2 e5 8.Bg2 h6 9.Bd2 Be6
10.O-O Qd7 11.Ne1 g5 12.c3 Bd6 13.Qc1 Rc8 14.c4 Ne7 15.Rb1 Ng6 16.b4 b6 17.b5 Bh3
18.Kh1 Rg8 19.Ng1 Bxg2+ 20.Nxg2 Nh7 21.Nf3 f5 22.Qe1 f4 23.Qd1 Be7 24.Ng1 Nf6
25.h3 g4 26.Kh2 gxh3 27.Nxh3 Ng4+ 28.Kg1 Ne3 29.fxe3 Qxh3 30.Qf3 fxg3 31.Qf7+ Kd8
32.Rf5 Qh2+ 33.Kf1 Qh1+ 34.Ke2 Qxg2+ 35.Kd1 Kd7 36.exd4 Qg1+ 37.Kc2 Qxd4
38.Bc3 Rcf8 39.Qxg8 Rxg8 40.Bxd4 cxd4  0-1

[Event "Guernsey Open"]
[Site "Guernsey GCI"]
[Date "2009.10.19"]
[Round "2"]
[White "Bellin,R"]
[Black "Prins,J"]
[Result "1-0"]
[WhiteElo "2388"]
[BlackElo "2069"]

1.e4 c5 2.Nc3 Nc6 3.Bb5 e5 4.d3 d6 5.f4 exf4 6.Bxf4 g5 7.Be3 Bg7 8.Nge2 a6
9.Bxc6+ bxc6 10.O-O h6 11.Ng3 Rb8 12.Rb1 Be5 13.Nce2 Bg4 14.Qd2 Ne7 15.c3 Qa5
16.b4 cxb4 17.cxb4 Qc7 18.d4 Bxg3 19.Nxg3 d5 20.Qf2 Ng6 21.Qf6 Rd8 22.e5 Rg8
23.Rbc1 Rc8 24.h3 Be6 25.Nh5 Qe7 26.Qf2 Kf8 27.Nf6 Rh8 28.Rc5 Kg7 29.Rfc1 Qb7
30.a3 Nh4 31.Nh5+ Kh7 32.g4 Ng6 33.Qc2 Rhf8 34.Rf1 Ra8 35.Rxc6 a5 36.Rc7 Rac8
37.Qxg6+ Kxg6 38.Rxb7  1-0

[Event "Guernsey Open"]
[Site "Guernsey GCI"]
[Date "2009.10.21"]
[Round "4"]
[White "Hamperl,F"]
[Black "Muller,Ant"]
[Result "1-0"]
[WhiteElo "2046"]
[BlackElo "1951"]

1.e4 c5 2.Nc3 Nc6 3.Bb5 g6 4.Bxc6 dxc6 5.d3 Bg7 6.f4 Nh6 7.Nf3 f6 8.O-O Nf7
9.b3 Bg4 10.Bb2 O-O 11.h3 Bxf3 12.Qxf3 e5 13.f5 Qd7 14.fxg6 hxg6 15.Ne2 Nh6
16.Qg3 Kh7 17.Rf3 Rac8 18.Raf1 Qd8 19.Qf2 Qe7 20.Bc1 g5 21.Ng3 Qd6 22.Nh5 Kg6
23.Ng3 b6 24.Ne2 Qd7 25.Qg3 Kh7 26.Qf2 g4 27.hxg4 Nxg4 28.Qh4+ Nh6 29.Rh3 Rh8
30.Bxh6 Kg8 31.Qg3  1-0

[Event "Chigorin Mem Open"]
[Site "St Petersburg RUS"]
[Date "2009.10.22"]
[Round "7"]
[White "Petrosian,DG"]
[Black "Pankov,Ger"]
[Result "1-0"]
[WhiteElo "2504"]
[BlackElo "2359"]

1.e4 c5 2.Nf3 Nc6 3.Nc3 g6 4.d4 cxd4 5.Nxd4 Bg7 6.Be3 Nf6 7.Bc4 O-O 8.Bb3 a5
9.O-O Nxd4 10.Bxd4 d6 11.a4 Bd7 12.Re1 Bc6 13.Nd5 Bxd5 14.exd5 Nd7 15.Bxg7 Kxg7
16.Qd4+ f6 17.Re3 Rf7 18.Rae1 Nc5 19.h4 Qd7 20.c4 Re8 21.Qd1 Qc8 22.Bc2 Qd7
23.h5 f5 24.Qd2 Qd8 25.h6+ Kg8 26.Qd4 Qd7 27.f4 Ref8 28.Re6 Re8 29.R1e3 Ne4
30.Bxe4 fxe4 31.f5 Rf6 32.R3xe4 Ref8 33.fxg6 hxg6 34.b3 R8f7 35.Qe3 b6 36.Kh2 Kf8
37.Qg5 Qd8 38.Qe3 Rh7 39.Kg1 g5 40.Qxg5 Rhxh6 41.Rxf6+ Rxf6 42.Rh4  1-0

[Event "Chigorin Mem Open"]
[Site "St Petersburg RUS"]
[Date "2009.10.22"]
[Round "7"]
[White "Kovalev,Vl"]
[Black "Naumenko,O"]
[Result "1-0"]
[WhiteElo "2349"]
[BlackElo "2207"]

1.e4 c5 2.Nf3 Nc6 3.Nc3 a6 4.d4 cxd4 5.Nxd4 e5 6.Nf5 d6 7.Bc4 Be6 8.Nd5 b5
9.Bb3 g6 10.Nfe3 Bg7 11.a4 Ra7 12.axb5 axb5 13.Rxa7 Nxa7 14.c4 bxc4 15.Nxc4 Nc8
16.Ba4+ Kf8 17.O-O Nge7 18.f4 Bxd5 19.exd5 e4 20.b3 Nb6 21.Ba3 Nxc4 22.bxc4 Qb6+
23.Kh1 Nf5 24.c5 dxc5 25.Qb1 Qxb1 26.Bxc5+ Kg8 27.Rxb1 Bf6 28.g4 Nh4 29.g5 Bc3
30.Rb3 Ba1 31.Rb8+ Kg7 32.Rxh8 Kxh8 33.d6 Bc3 34.Bb6 Bb4 35.d7 Be7 36.d8=Q+ Bxd8
37.Bxd8 h6 38.gxh6 Nf5 39.Bc2 Nxh6 40.Bxe4 Kg7 41.Kg2 Ng8 42.Kf3 Nh6 43.h3 Ng8
44.Ke3 Nh6 45.Kd4 Ng8 46.Ke5 Nh6 47.Kd6 Ng8 48.Kd7 Kf8 49.Bd3 Nh6 50.Be7+ Kg7
51.Ke8 Ng8 52.Bc2 f6 53.Bf8+ Kh7 54.Kf7 f5 55.h4 Nh6+ 56.Bxh6 Kxh6 57.Bxf5  1-0

[Event "WJun"]
[Site "Puerto Madryn ARG"]
[Date "2009.10.23"]
[Round "2"]
[White "Leon Hoyos,M"]
[Black "Aguinaga,M"]
[Result "1-0"]
[WhiteElo "2516"]
[BlackElo "2009"]

1.e4 c5 2.Nc3 Nc6 3.Bb5 Nd4 4.Bc4 e6 5.Nge2 a6 6.d3 b5 7.Bb3 Bb7 8.Nxd4 cxd4
9.Ne2 d5 10.Nxd4 dxe4 11.dxe4 Bxe4 12.O-O Nf6 13.Bg5 Be7 14.Re1 Bd5 15.c3 O-O
16.Bc2 Bb7 17.Qe2 Qd5 18.Nf3 Rfd8 19.Qf1 Rac8 20.Ne5 Rc7 21.Bb3 Qc5 22.Qe2 Bd5
23.Be3 Qd6 24.Bf4 Qb6 25.c4 Ba8 26.Nxf7 Qc6 27.f3 Kxf7 28.Bxc7  1-0

[Event "WJun"]
[Site "Puerto Madryn ARG"]
[Date "2009.10.23"]
[Round "2"]
[White "Yu Yangyi"]
[Black "Zaslavsky,M"]
[Result "1-0"]
[WhiteElo "2509"]
[BlackElo "2392"]

1.e4 c5 2.Nf3 Nc6 3.Nc3 e5 4.Bc4 Be7 5.d3 d6 6.Nd2 Bg5 7.h4 Bxd2+ 8.Bxd2 Nf6
9.O-O Nd4 10.Bg5 h6 11.Bxf6 Qxf6 12.Nd5 Qd8 13.c3 Ne6 14.f4 Qxh4 15.f5 Ng5
16.Qe2 Kf8 17.Qe3 Bd7 18.Bb3 Kg8 19.g3 Qh3 20.Bd1 Be6 21.fxe6 fxe6 22.Nc7 Rf8
23.Rxf8+ Kxf8 24.Be2 Ke7 25.Rf1 Rf8 26.Rxf8 Kxf8 27.Nb5 Ke7 28.Nxa7 Nh7 29.Qf3 Nf6
30.Nc8+ Kd7 31.Nb6+ Ke7 32.Qg2  1-0

[Event "WJun"]
[Site "Puerto Madryn ARG"]
[Date "2009.10.23"]
[Round "2"]
[White "Dole,A"]
[Black "Kokol,P"]
[Result "0-1"]
[WhiteElo "2068"]
[BlackElo "2322"]

1.e4 c5 2.Nf3 Nc6 3.Nc3 d6 4.d4 cxd4 5.Nxd4 Nf6 6.Bg5 e6 7.Qd2 a6 8.O-O-O Bd7
9.f3 Be7 10.Be3 Rc8 11.Kb1 Na5 12.g4 b5 13.a3 Nc4 14.Bxc4 Rxc4 15.g5 Nh5
16.f4 Nxf4 17.Bxf4 e5 18.Be3 exd4 19.Bxd4 Bxg5 20.Qf2 O-O 21.Rhg1 f6 22.h4 Bh6
23.Qg3 Qe7 24.Nd5 Qxe4 25.Bxf6 Bg4 26.Nc3 Qb7 27.Rxd6 Rxf6 28.Rxf6 gxf6 29.b3 Rd4
30.Ne2 Re4 31.Qf3 f5 32.Qxf5 Bg7 33.Rxg4 Rxe2 34.Rxg7+ Qxg7 35.Qc8+ Kf7 36.Qf5+ Ke7
37.Qc5+ Kf6 38.Qd4+ Re5  0-1